Parcerias público-privadas : (Record no. 553)

MARC details
000 -LÍDER
Campo Fixo de Controle 00883cam a2200241 a 4500
001 - NÚMERO DE CONTROLE
Campo de Controle 553
003 - IDENTIFICAÇÃO DO NÚMERO DE CONTROLE
Campo de Controle BR-CuiBMT
005 - DATA E HORA DA ÚLTIMA ATUALIZAÇÃO
Campo de Controle 20231114174821.0
008 - DADOS FIXOS
Dados Fixos 231109s2011 mgb 001 0 por d
020 ## - INTERNATIONAL STANDARD BOOK NUMBER
Nº do ISBN 9788577004515
040 ## - AGÊNCIA CATALOGADORA
Código da Agência Catalogadora BR-CuiBMT
Agência que transcreveu o registro BR-CuiBMT
080 ## - Nº DA CLASSIFICAÇÃO DECIMAL UNIVERSAL
Nº edição CDU 2007
Nº Class. CDU 35.078.6
090 ## - NÚMERO DE CHAMADA
Nº classificação 35.078.6
Cutter C145p
100 10 - ENTRADA PRINCIPAL -- AUTOR PESSOAL
Nome pessoal Caldas, Roberto
245 10 - TÍTULO PRINCIPAL
Título principal Parcerias público-privadas :
Subtítulo e suas garantias inovadoras nos contratos administrativos e concessões de serviços públicos /
Indicação de responsabilidade André Luiz Freire ; prefácio Juarez Freitas
260 ## - PUBLICAÇÃO, DISTRIBUIÇÃO, ETC.
Local de publicação Belo Horizonte :
Editora Fórum,
Data 2011.
300 ## - DESCRIÇÃO FÍSICA
N. páginas ou volumes 312 p. ;
Dimensões 22 cm
504 ## - NOTA DE BIBLIOGRAFIA, ETC.
Nota de bibliografia Inclui bibliografia e índice.
650 ## - ASSUNTO TÓPICO
Cabeçalho tópico ou nome geográfico Parceria público-privada (PPP)
Subdivisão de forma Legislação
Subdivisão geográfica Brasil
650 ## - ASSUNTO TÓPICO
Cabeçalho tópico ou nome geográfico Contrato de concessão
Subdivisão geral Fiscalização
Subdivisão geográfica Brasil
650 ## - ASSUNTO TÓPICO
Cabeçalho tópico ou nome geográfico Parceria público-privada (PPP)
Subdivisão geral Regulação
Subdivisão geográfica Brasil
942 ## - ELEMENTOS DE ENTRADA ADICIONAIS (KOHA)
Fonte de classificação ou esquema de arquivamento Classificação Decimal Universal
Tipo de item do Koha Livros
Holdings
Estado: removido Estado: perdido Fonte de classificação ou esquema de arquivamento Estado: danificado Indisponível para empréstimo Localização permanente Localização atual Data de aquisição Total Checkouts Número de Chamada completo Código de barras Date last seen Número do exemplar Preço efetivo a partir de Tipo de item (Koha)
    Classificação Decimal Universal     Biblioteca da Escola Superior de Contas do TCE/MT Biblioteca da Escola Superior de Contas do TCE/MT 09/11/2023   35.078.6 C145p BIBTCEMT23110352 09/11/2023 Ex. 1 09/11/2023 Livros
    Classificação Decimal Universal     Biblioteca da Escola Superior de Contas do TCE/MT Biblioteca da Escola Superior de Contas do TCE/MT 09/11/2023   35.078.6 C145p BIBTCEMT23110353 09/11/2023 Ex. 2 09/11/2023 Livros

Powered by Koha